Central Library OPAC University of Rajshahi

Foreign trade and the national economy / (Record no. 6427)

MARC details
000 -LEADER
fixed length control field 00794cam a22002531 4500
001 - CONTROL NUMBER
control field 6427
003 - CONTROL NUMBER IDENTIFIER
rucl marc code BD-RjUL
005 - DATE AND TIME OF LATEST TRANSACTION
control field 20211208234236.0
008 - FIXED-LENGTH DATA ELEMENTS--GENERAL INFORMATION
fixed length control field 140111r1963 ctua b 001 0 eng
035 ## - SYSTEM CONTROL NUMBER
System control number (BD-RjUL)6467
040 ## - CATALOGING SOURCE
Original cataloging agency DLC
Transcribing agency DLC
Modifying agency DLC
-- BD-RjUL
Language of cataloging eng
041 ## - LANGUAGE CODE
Language code of text/sound track or separate title eng
082 00 - DEWEY DECIMAL CLASSIFICATION NUMBER
Classification number 382
Author mark and year KIF 1963
100 1# - MAIN ENTRY--PERSONAL NAME
Personal name Kindleberger, Charles Poor,
Dates associated with a name 1910-
9 (RLIN) 11733
245 10 - TITLE STATEMENT
Title Foreign trade and the national economy /
Statement of responsibility, etc. Charles Poor Kindleberger
260 ## - PUBLICATION, DISTRIBUTION, ETC. (IMPRINT)
Place of publication, distribution, etc. New Haven :
Name of publisher, distributor, etc. Yale University Press,
Date of publication, distribution, etc. c1962 [reprinted 1963].
300 ## - PHYSICAL DESCRIPTION
Pagination xv, 265 p. ;
Illustrations illus. ;
Size 20 cm.
490 0# - SERIES STATEMENT
Series statement Studies in comparative economics,
Volume/sequential designation 2
504 ## - BIBLIOGRAPHY, ETC. NOTE
Bibliography, etc Includes bibliography.
650 #0 - SUBJECT ADDED ENTRY--TOPICAL TERM
Topical term or geographic name as entry element International trade.
9 (RLIN) 20233
Topical term or geographic name as entry element Economic development.
9 (RLIN) 20234
942 ## - ADDED ENTRY ELEMENTS (KOHA)
Source of classification or shelving scheme Dewey Decimal Classification
Koha item type Books
Holdings
Lost status Source of classification or shelving scheme Damaged status Not for loan Collection code Permanent Location Current Location Shelving location Date acquired Source of acquisition Cost, normal purchase price Total Checkouts Full call number Date last seen Copy number Koha item type
  Dewey Decimal Classification     Non-fiction Central Library, University of Rajshahi Central Library, University of Rajshahi   24/10/1965 Zeitlinger 9.60   382 KIF 1963 11/01/2014 C-9 Books
  Dewey Decimal Classification     Non-fiction Central Library, University of Rajshahi Central Library, University of Rajshahi   17/04/1964 Zeitlinger 10.00   382 KIF 1962 23/08/2016 C-2 Books
  Dewey Decimal Classification     Non-fiction Central Library, University of Rajshahi Central Library, University of Rajshahi   12/11/1965 Zeitlinger 4.00   382 KIF 1963 23/08/2016 C-3 Books
  Dewey Decimal Classification     Non-fiction Central Library, University of Rajshahi Central Library, University of Rajshahi   05/06/1964 Zeitlinger 10.00   382 KIF 1963 23/08/2016 C-4 Books
  Dewey Decimal Classification     Non-fiction Central Library, University of Rajshahi Central Library, University of Rajshahi   05/06/1964 Zeitlinger 10.00   382 KIF 1963 23/08/2016 C-5 Books
  Dewey Decimal Classification     Non-fiction Central Library, University of Rajshahi Central Library, University of Rajshahi   27/03/1965 Zeitlinger 9.00   382 KIF 1963 23/08/2016 C-6 Books
  Dewey Decimal Classification     Non-fiction Central Library, University of Rajshahi Central Library, University of Rajshahi   27/03/1965 Zeitlinger 9.00   382 KIF 1963 23/08/2016 C-7 Books
  Dewey Decimal Classification     Non-fiction Central Library, University of Rajshahi Central Library, University of Rajshahi   17/04/1964 Zeitlinger 9.00   382 KIF 1962 23/08/2016 C-8 Books